000 00859nam a2200241Ia 4500
003 OSt
005 20220923225417.0
006 a|||||r|||| 00| 0
007 ta
008 220922b |||||||| |||| 00| 0 hin d
024 _a266,785
037 _cTextual
040 _aARTS
_cARTS
_bhin
041 _2hin
_ahin
082 _aR635x1,1, 152P8
100 _aव्यासदेव; भोजदेव
245 0 _aपात×जल योगदर्शनम्, संपा जगदीश शास्त्री
246 _aPāta×jal yogadarshanam, sanpā0 jagadīsh shāstrī
260 _aदिल्ली
_b ईस्टर्न बुक लिंकर्स
_c2008
300 _a311पृ.
_ccm.
942 _hR635x1,1, 152P8
_cTEXL
_2CC
999 _c378073
_d378073